Panorama de la religión en Cuba /

Obra que explica la historia, estructura y pluralidad espiritual de la sociedad cubana y por qué ninguna de las religiones allí practicadas (catolicismo, protestantismo, espiritismo, judaísmo) tuvo preponderancia sobre las otras.

Guardat en:
Dades bibliogràfiques
Autor corporatiu: Cuba. Ministerio de Ciencia, Tecnología y Medio Ambiente. Centro de Investigaciones Psicológicas y Sociorreligiosas
Format: Llibre
Idioma:espanyol
Publicat: La Habana, Cuba : Editora Política, 1998, c1998
Matèries:
Etiquetes: Afegir etiqueta
Sense etiquetes, Sigues el primer a etiquetar aquest registre!

MARC

LEADER 00000nam^a2200000^a^4500
001 000333997
005 20250521000000.0
009 20260310114147.59
020 |a 959-01-0255-7 
037 |a Acervo ITESO - Biblioteca 
041 |a ESP 
082 |a 200. 97291  |b CUB 
110 |a Cuba.  |b Ministerio de Ciencia, Tecnología y Medio Ambiente. Centro de Investigaciones Psicológicas y Sociorreligiosas 
245 1 0 |a Panorama de la religión en Cuba /  |c Centro de Investigaciones Psicológicas y Sociorreligiosas. 
264 4 |a La Habana, Cuba :  |b Editora Política,  |c 1998, c1998 
300 |a VII, 77 p. 
336 |a texto  |b txt  |2 rdacontenido 
337 |a sin mediación  |b n  |2 rdamedio 
338 |a volumen  |b nc  |2 rdasoporte 
520 |a Obra que explica la historia, estructura y pluralidad espiritual de la sociedad cubana y por qué ninguna de las religiones allí practicadas (catolicismo, protestantismo, espiritismo, judaísmo) tuvo preponderancia sobre las otras. 
649 |a XX 
650 |a Fiestas Religiosas -  |z Cuba 
650 |a Catolicismo -  |z Cuba -  |x Historia 
650 |a Cristianismo -  |z Cuba -  |x Historia 
650 |a Protestantismo -  |z Cuba -  |x Historia 
650 |a Judaísmo -  |z Cuba -  |x Historia 
650 |a Brujería -  |z Cuba -  |x Historia 
650 |a Religión -  |z Cuba -  |x Historia 
650 |a Religión -  |z Cuba -  |x Tema Principal 
650 |a Sociología de la Religión -  |z Cuba 
650 |a Religión 
910 |a Fondo General 
920 |a Impresos - Libros 
930 |a Colección General 
905 |a 101 
901 |a 0500223719  |b IT1  |c ACC  |i D55217  |u 20250521 
902 |a https://opac.biblio.iteso.mx/vufind/Record/000333997